<?xml version="1.0" encoding="UTF-8"?>
<marc:record xmlns:marc="http://www.loc.gov/MARC21/slim">
   <marc:leader>00000nam a2200000 a 4500</marc:leader>
   <marc:datafield ind1="1" ind2=" " tag="100">
      <marc:subfield code="a">Koomen, Gemma</marc:subfield>
      <marc:subfield code="4">aut</marc:subfield>
      <marc:subfield code="e">Verfasser/-in</marc:subfield>
   </marc:datafield>
   <marc:datafield ind1="1" ind2=" " tag="100">
      <marc:subfield code="a">Tichy, Martina</marc:subfield>
      <marc:subfield code="4">trl</marc:subfield>
      <marc:subfield code="e">Übersetzer/-in</marc:subfield>
   </marc:datafield>
   <marc:datafield ind1="0" ind2="0" tag="245">
      <marc:subfield code="a">Sylvia und der Vogel</marc:subfield>
   </marc:datafield>
   <marc:datafield ind1="0" ind2="0" tag="245">
      <marc:subfield code="c">Gemma Koomen ; aus dem Englischen von Martina Tichy</marc:subfield>
   </marc:datafield>
   <marc:datafield ind1=" " ind2="1" tag="264">
      <marc:subfield code="a">Berlin</marc:subfield>
      <marc:subfield code="b">Insel Verlag</marc:subfield>
      <marc:subfield code="c">2021</marc:subfield>
   </marc:datafield>
   <marc:datafield ind1="1" ind2=" " tag="520">
      <marc:subfield code="a">Angaben aus der Verlagsmeldung

Sylvia und der Vogel The Tree Keepers: Flock / von Gemma Koomen

Versteckt hinter Blättern und Zweigen leben die Baumhüter. Sie sind nur daumengroß und kümmern sich darum, dass es dem Baum gutgeht. Am liebsten sammeln sie Früchte und Nüsse und spielen dann alle gemeinsam. Nur die kleine Baumhüterin Sylvia ist lieber für sich allein. Bis ein Vogelkind ihr Leben auf den Kopf stellt. Die beiden freunden sich miteinander an, und die schüchterne Sylvia erkennt, dass es zu zweit noch viel mehr Spaß macht, die Welt zu entdecken, denn mit dem munteren Zausel ist immer etwas los. Bis sie bei einem Ausflug einen Vogelschwarm entdecken. Sind das Zausels neue Freunde?

In poetischen Bildern erzählt Gemma Koomen von den kleinen Geheimnissen, die man hinter jedem Zweig entdecken kann. Und dass man manchmal einfach einen Freund braucht, der einem Mut macht, aus seinem Versteck zu kommen.

</marc:subfield>
   </marc:datafield>
   <marc:datafield ind1=" " ind2=" " tag="020">
      <marc:subfield code="a">9783458179153</marc:subfield>
      <marc:subfield code="9">9783458179153</marc:subfield>
   </marc:datafield>
   <marc:datafield ind1=" " ind2=" " tag="020">
      <marc:subfield code="a">3458179151</marc:subfield>
      <marc:subfield code="9">3458179151</marc:subfield>
   </marc:datafield>
   <marc:datafield ind1=" " ind2=" " tag="041">
      <marc:subfield code="a">ger</marc:subfield>
   </marc:datafield>
   <marc:datafield ind1=" " ind2=" " tag="300">
      <marc:subfield code="a">circa 40 Seiten</marc:subfield>
   </marc:datafield>
</marc:record>
